000 00193nam a22000977a 4500
041 _aeng
080 _a80
100 _aBright, William
245 _aLanguage. Vol. 59, №3, 1983
999 _c282241
_d282241
942 _cBK